Ladies Take the Lead Quiz Stats

Quiz Updated Jul 19, 2015

Challenge
Share
Tweet
Score 0/20 Timer 08:00
1 Play Today
% Correct
Buffy the Vampire Slayer
94.4%
Roseanne
93.9%
I Love Lucy
93.8%
Ally McBeal
89.8%
Xena: Warrior Princess
87%
Veronica Mars
83.6%
Murphy Brown
79.2%
Maude
75.5%
Felicity
71.8%
Wonder Woman
66.5%
% Correct
Scandal
64%
Alias
63.9%
Bones
60.8%
Homeland
55.3%
The Good Wife
52.7%
Bionic Woman
50.4%
Revenge
44.9%
The Closer
43.5%
The Ghost Whisperer
43.4%
Medium
40%

You're not logged in!

Compare scores with friends on all Sporcle quizzes.
Sign Up with Email
OR
Log In

You Might Also Like...

Show Comments

Extras

Top Quizzes Today


Score Distribution

Your Account Isn't Verified!

In order to create a playlist on Sporcle, you need to verify the email address you used during registration. Go to your Sporcle Settings to finish the process.